Statistiken für Geographie nach Buchstaben - W

Klicken Sie hier um das Quiz zu spielen!

Allgemein

  • Dieses Quiz wurde 400 mal gespielt
  • Das Durchschnittsergebnis liegt bei 13 aus 20

Antwortstatistiken

HinweisAntwort% Korrekt
Hauptstadt der Vereinigten StaatenWashington
100%
Hauptstadt von PolenWarschau
98%
Cardiff ist seine HauptstadtWales
97%
New Yorks FinanzstraßeWall Street
91%
In diesem Londoner Vorort findet ein
großes Tennisturnier statt
Wimbledon
84%
Wo Napoleon seine letzte Niederlage trafWaterloo
81%
Freuds Heimatstadt an der DonauWien
81%
Wohnsitz von Präsidenten der USA und KirgisistansWeißes Haus
80%
Häufigster chinesischer FamiliennameWáng
78%
Die südlichste Hauptstadt der Welt, in OzeanienWellington
75%
Größtes Stadion in EnglandWembley
74%
Berühmter Honolulu-StrandWaikiki
67%
Französischsprachige Region von BelgienWallonie
56%
Dieses frühere Gebiet verband sich mit Baden
zu einem deutschen Staat
Württemberg
54%
Region von Palästina auch bekannt als WestbankWestjordanland
42%
Hauptstadt von ManitobaWinnipeg
39%
Hauptstützpunkt der US-Streitkräfte in DeutschlandWiesbaden
30%
Stadt 20 km nordöstlich von ZürichWinterthur
26%
Stadt, in der Prinz Harry Meghan heirateteWindsor
23%
Irische Stadt berühmt für KristallWaterford
16%

Verteilung der Resultate

Perzentil nach korrekt beantworteten Fragen

Anzahl Personen mit jedem Resultat

Ihre Resultats-Entwicklung

Sie haben dieses Quiz noch nicht gespielt